000
00250nam a22001217a 4500
008
171016b xxu||||| |||| 00| 0 eng d
041
_a
eng
080
_a
33
100
_a
52
101
_a
EKO
245
_a
ECONOMICS
_c
MANSFIELD,E.
942
_2
udc
_c
BK
999
_c
33998
_d
33998